Statistics for Countries that both do observe DST and don't observe DST

Click here to take the quiz!

General Stats

  • This quiz has been taken 25 times
    (10 since last reset)
  • The average score is 7 of 10

Answer Stats

Country% Correct
Canada
100%
United States
100%
Australia
88%
France
88%
United Kingdom
88%
Mexico
75%
Chile
63%
Denmark
63%
Netherlands
50%
Cyprus
13%

Score Distribution

Percentile by Number Answered

Percent of People with Each Score

Your Score History

You have not taken this quiz since the last reset